000 00905nam a2200253 a 4500
001 000019462
005 20200929170026.0
008 100629s2005 es c 000 0 spa d
020 _a8497647440
040 _aDO-SdBNP
_bspa
_cBNPHU
082 _a925.3
_bC975L
100 1 _aLeón, Margarita
_941800
245 1 0 _aMarie Curie /
_cMargarita León ; coordinador general Felipe Sen ; coordinador de colección Mar de Ventura Fernández.
260 _aMadrid, España :
_bEdimat,
_c2005.
300 _a191 p. :
_bretrs. ;
_c22 cm.
490 1 _aMujeres en la historia
500 _aIncluye datos biográficos de la autora en el chaleco
504 _aIncluye bilbiografías (p. 191)
650 4 _aCurie, marie sklodowska, 1867-1934
_941801
700 1 _aSen, Felipe,
_ecoord.
_941707
700 1 _aVentura Fernández, Mar de,
_ecoord.
_941759
830 0 _aMujeres en la historia
_941760
049 _aBNPD
999 _c18978
_d18978